000 01121ctm a22002531a 4500
003 SA-RiAUC
005 20250215061624.0
008 250208s1993 su g b 000r0bara c
040 _aSA-JeALM
_bara
_cSA-RiAUC
_erda
082 0 4 _a922.58
090 _a922.58
_bح ا ر
100 1 _aالحارثي، محمد قاسم عبده،
_d1379 هجري-
245 1 0 _aمكانة الإمام أبي حنيفة بين المحدثين /
_cتأليف محمد قاسم عبده الحارثي.
250 _aالطبعة الاولى.
260 _aمكة المكرمة :
_bمكتبة الصفا،
_c1993
264 _aمكة المكرمة :
_bمطابع الصفا .
_c1993
300 _a660 ص. ؛
_c24 سم.
502 _aالأصل أطروحة (دكتوراه)-جامعة الدراسات الإسلامية، باكستان.
504 _aببليوجرافية : ص. 598-620.
600 1 7 _aأبو حنيفة، النعمان بن ثابت التيمي،
_d80-150 هجري.
_2aucnm
650 7 _aالفقهاء الأحناف
_vتراجم
_2aucsh
942 _2ddc
_cBOOK
_n0
949 _aSA-JeALM
_d250208
_uosman123
_n1
999 _c5941
_d5941